000
00304cam a2200133ua 4500
041
_a
eng
_h
100
_a
Rai, A.N .
245
_a
know your seed Through seed testing laboratory
260
_a
Delhi :
_b
Director Extn. ,
_c
1997.
300
_a
; .
504
_a
942
_c
BK
999
_c
12935
_d
12935